Statistiken für IMDb Top 250 Filme

Klicken Sie hier um das Quiz zu spielen!

Allgemein

  • Dieses Quiz wurde 530 mal gespielt
  • Das Durchschnittsergebnis liegt bei 44 aus 250

Antwortstatistiken

PlatzFilmErscheinungsjahrBewertung% Korrekt
97.M: Eine Stadt sucht einen Mörder19318,3
80%
15.Das Imperium schlägt zurück19808,7
79%
88.Die Rückkehr der Jedi-Ritter19838,3
79%
27.Krieg der Sterne19778,6
79%
9.Der Herr der Ringe: Die Gefährten20018,8
76%
7.Der Herr der Ringe: Die Rückkehr des Königs20038,9
76%
14.Der Herr der Ringe: Die zwei Türme20028,7
76%
2.Der Pate19729,2
75%
3.The Dark Knight20089,0
66%
1.Die Verurteilten19949,2
61%
13.Inception20108,7
61%
11.Forrest Gump19948,8
59%
187.Harry Potter und die Heiligtümer des Todes - Teil 220118,1
58%
4.Der Pate: Teil II19749,0
57%
28.Interstellar20148,6
57%
8.Pulp Fiction19948,9
57%
6.Schindlers Liste19938,9
52%
12.Fight Club19998,8
50%
56.Django Unchained20128,4
46%
150.Jurassic Park19938,1
46%
19.Sieben19958,6
43%
36.Der König der Löwen19948,5
42%
55.Jäger des verlorenen Schatzes19818,4
42%
134.The Wolf of Wall Street20138,2
41%
16.Matrix19998,7
40%
22.Das Schweigen der Lämmer19918,6
39%
81.Avengers: Endgame20198,3
38%
17.GoodFellas - Drei Jahrzehnte in der Mafia19908,7
38%
70.Joker20198,3
38%
35.Parasite20198,5
38%
24.Der Soldat James Ryan19988,6
37%
37.Gladiator20008,5
37%
127.Batman Begins20058,2
36%
215.Terminator19848,0
36%
74.Toy Story19958,3
36%
30.Zurück in die Zukunft19858,5
36%
5.Die Zwölf Geschworenen19548,9
35%
151.Kill Bill - Vol 1.20038,1
35%
32.Psycho19608,5
35%
212.Rocky19768,0
34%
68.The Dark Knight Rises20128,3
34%
50.Alien - Das unheimliche Wesen aus einer fremden Welt19798,4
33%
42.Casablanca19428,5
33%
26.The Green Mile19998,6
33%
64.Avengers: Infinity War20188,4
32%
149.Shutter Island20108,1
32%
89.2001: Odyssee im Weltraum19688,3
31%
61.Shining19808,4
31%
110.Taxi Driver19768,2
30%
235.Fluch der Karibik20038,0
29%
47.Spiel mir das Lied vom Tod19688,4
29%
53.Memento20008,4
28%
119.Stirb langsam19888,2
28%
10.Zwei glorreiche Halunken19668,8
28%
66.American Beauty19998,3
27%
40.Departed: Unter Feinden20068,5
27%
205.Der weiße Hai19758,1
26%
90.Reservoir Dogs: Wilde Hunde19928,3
26%
54.Apocalypse Now19798,4
25%
180.Ben Hur19598,1
25%
31.Chihiros Reise ins Zauberland20018,5
25%
154.Findet Nemo20038,1
25%
114.Oben20098,2
25%
106.Scarface19838,2
25%
57.WALL·E - Der Letzte räumt die Erde auf20088,4
25%
138.Casino19958,2
24%
34.Léon: Der Profi19948,5
24%
77.Inglourious Basterds20098,3
23%
157.Vom Winde verweht19398,1
23%
175.Blade Runner19828,1
22%
176.Catch Me If You Can20028,1
22%
33.Der Pianist20028,5
22%
116.Metropolis19278,2
21%
29.Terminator 2: Tag der Abrechnung19918,5
21%
39.Die üblichen Verdächtigen19958,5
20%
18.Einer flog über das Kuckucksnest19758,6
20%
152.No Country for Old Men20078,1
20%
41.Prestige - Die Meister der Magie20068,5
20%
101.Uhrwerk Orange19718,2
20%
99.Vertigo - Aus dem Reich der Toten19588,2
20%
43.Whiplash20148,5
20%
38.American History X19988,5
19%
49.Das Fenster zum Hof19548,4
19%
25.Das Leben ist schön19978,6
19%
20.Die sieben Samurai19548,6
19%
103.Full Metal Jacket19878,2
19%
44.Ziemlich beste Freunde20118,5
19%
93.Citizen Kane19418,3
18%
80.Es war einmal in Amerika19848,3
18%
172.Prisoners20138,1
18%
182.12 Years A Slave20138,1
17%
246.Aladdin19928,0
17%
72.Braveheart19958,3
17%
62.Der große Diktator19408,4
17%
115.Heat19958,2
17%
78.Prinzessin Mononoke19978,3
17%
84.Toy Story 320108,3
17%
111.Spider-Man: No Way Home20218,2
16%
65.Alien 2 - Die Rückkehr19868,3
15%
23.City of God20028,6
15%
76.Das Boot19818,3
15%
58.Das Leben der Anderen20068,4
15%
241.Das Leben des Brian19798,0
15%
21.Ist das Leben nicht schön?19468,6
15%
71.Oldboy20038,3
15%
211.Platoon19868,0
15%
69.Spider-Man: A New Universe20188,3
15%
200.The Big Lebowski19988,1
15%
123.191720198,2
14%
75.Coco: Lebendiger als das Leben20178,3
14%
82.Good Will Hunting: Der gute Will Hunting19978,3
14%
249.Der mit dem Wolf tanzt19908,0
13%
204.Die Monster AG20018,1
13%
144.Die Truman Show19988,2
13%
170.Fargo: Blutiger Schnee19968,1
13%
184.Gone Girl - Das perfekte Opfer20148,1
13%
202.Mad Max: Fury Road20158,1
13%
159.Alles steht Kopf20158,1
12%
248.Die Schöne und das Biest19918,0
12%
79.Everything Everywhere All At Once20228,3
12%
133.Green Book20188,2
12%
139.Ran19858,2
12%
140.There Will Be Blood20078,2
12%
86.Your Name.20168,3
12%
142.A Beautiful Mind20018,2
11%
224.Der Exorzist19738,0
11%
125.Der Untergang20048,2
11%
220.Der Zauberer von Oz19398,0
11%
227.Die Unglaublichen20048,0
11%
171.Mein Nachbar Totoro19988,1
11%
45.Moderne Zeiten19368,5
11%
83.Requiem for a Dream20008,3
11%
73.Amadeus19848,3
10%
165.Das wandelnde Schloss20048,1
10%
48.Die letzten Glühwürmchen19888,4
10%
126.Für ein paar Dollar mehr19658,2
10%
189.Grand Budapest Hotel20148,1
10%
95.Lawrence von Arabien19628,3
10%
223.Ratatouille20078,0
10%
216.Rush: Alles für den Sieg20138,0
10%
214.Stand By Me: Das Geheimnis eines Sommers19868,0
10%
155.Wie ein wilder Stier19808,1
10%
52.Cinema Paradiso19888,4
9%
210.Der Club der toten Dichter19898,1
9%
96.Die Jagd20128,3
9%
143.Die Ritter der Kokosnuss19758,2
9%
67.Dr. Seltsam oder: Wie ich lernte, die Bombe zu lieben19648,3
9%
196.Hacksaw Ridge - Die Entscheidung20168,1
9%
46.Harakiri19628,4
9%
221.Logan: The Wolverine20178,0
9%
173.Million Dollar Baby20048,1
9%
141.The Sixth Sense19998,2
9%
160.Das Ding aus einer anderen Welt19828,1
8%
178.Der dritte Mann19498,1
8%
168.Gran Torino20088,1
8%
51.Lichter der Großstadt - Eine Komödien-Romance als Pantomime19318,4
8%
147.Rashomon - Das Lustwäldchen19508,1
8%
117.Snatch: Schweine und Diamanten20008,2
8%
166.Three Billboards Outside Ebbing, Missouri20178,1
8%
167.Trainspotting - Neue Helden19968,1
8%
59.Boulevard der Dämmerung19508,4
7%
156.Chinatown19748,1
7%
98.Der unsichtbare Dritte19598,3
7%
100.Die fabelhafte Welt der Amelie20018,2
7%
201.Drachenzähmen leicht gemacht20108,1
7%
85.Du sollst mein Glücksstern sein19528,3
7%
136.Erbarmungslos19928,2
7%
113.Hamilton20208,2
7%
112.L.A. Confidential19978,2
7%
130.Manche mögen's heiß19598,2
7%
195.Memories of Murder20038,1
7%
137.Pans Labyrinth20068,2
7%
131.The Father20208,2
7%
158.V wie Vendetta20058,1
7%
193.Barry Lyndon19758,1
6%
161.Bube Dame König grAS19988,1
6%
164.Die Brücke am Kwai19578,1
6%
186.Die durch die Hölle gehen19788,1
6%
245.Gandhi19828,0
6%
102.Komm und sieh'19858,2
6%
222.Und täglich grüßt das Murmeltier19938,0
6%
91.Vergiss mein nicht!20048,3
6%
87.3 Idiots20098,3
5%
109.Der Clou19738,2
5%
239.Hass19958,0
5%
121.Indiana Jones und der letzte Kreuzzug19898,2
5%
218.Into the Wild20078,0
5%
213.Le Mans 66 - Gegen jede Chance20198,0
5%
169.Warrior20118,1
5%
60.Wege zum Ruhm19578,4
5%
108.Wer die Nachtigall stört19628,2
5%
145.Yojimbo - Der Leibwächter19618,1
5%
162.Bei Anruf Mord19548,1
4%
94.Capernaum: Stadt der Hoffnung20188,3
4%
197.Das siebente Siegel19578,1
4%
153.Der Elefantenmensch19808,1
4%
243.Es geschah in einer Nacht19348,0
4%
174.Goldrausch19258,1
4%
232.Hachiko - Eine wunderbare Freundschaft20098,0
4%
107.Ikiru - Einmal wirklich leben19528,2
4%
238.Persona19668,0
4%
194.Raum20158,1
4%
230.Rebecca19408,0
4%
217.Spotlight20158,0
4%
183.Wilde Erdbeeren19578,1
4%
63.Zeugin der Anklage19578,4
4%
132.Alles über Eva19508,2
3%
225.Before Sunset20048,0
3%
129.Der Vagabund und das Kind19218,2
3%
177.Die Faust im Nacken19548,1
3%
104.Frau ohne Gewissen19448,2
3%
148.Gesprengte Ketten19638,1
3%
219.Network19768,0
3%
237.Sie küssten und sie schlugen ihn19598,0
3%
92.Zwischen Himmel und Hölle19638,3
3%
234.Amores perros20008,0
2%
185.Before Sunrise - Zwischenstopp in Wien19958,1
2%
105.Das Appartement19608,2
2%
181.Der General19268,1
2%
146.Der Schatz der Sierra Madre19468,1
2%
120.Die Frau die singt - Incendies20108,2
2%
244.Die Taschendiebin20168,0
2%
122.Fahrraddiebe19488,2
2%
231.Früchte des Zorns19408,0
2%
208.Hotel Ruanda20048,1
2%
188.Im Namen des Vaters19938,1
2%
250.Jai Bhim20218,0
2%
198.Klaus20198,1
2%
242.Meine Lieder, meine Träume19658,0
2%
192.Sherlock Holmes Jr.19248,1
2%
247.The Help20118,0
2%
207.Apus Weg ins Leben - 1.: Auf der Straße19558,1
1%
128.Dangal: Die Hoffnung auf den großen Sieg20168,2
1%
135.Das Urteil von Nürnberg19618,2
1%
233.Der Unbeugsame19678,0
1%
226.Die besten Jahre unseres Lebens19468,0
1%
206.Die Passion der Jeanne d'Arc19288,1
1%
209.Die Reise nach Tokio19538,1
1%
163.In ihren Augen20098,1
1%
179.Kinder des Himmels19978,1
1%
191.Lohn der Angst19538,1
1%
203.Mary & Max, oder - Schrumpfen Schafe, wenn es regnet20098,1
1%
240.Mein Vater und mein Sohn20058,0
1%
190.Mr. Smith geht nach Washington19398,1
1%
118.Nader und Simin - eine Trennung20118,2
1%
229.Schlacht um Algier19668,0
1%
228.Sein oder Nichtsein19428,0
1%
124.Taare Zameen Par: Ein Stern auf Erden20078,2
1%
236.Uzala, der Kirgise19758,0
1%
199.Wild Tales: Jeder dreht mal durch!20148,1
1%

Verteilung der Resultate

Perzentil nach korrekt beantworteten Fragen

Anzahl Personen mit jedem Resultat

Ihre Resultats-Entwicklung

Sie haben dieses Quiz noch nicht gespielt